| 000 | 00646nam a2200205 a 4500 | ||
|---|---|---|---|
| 003 | OSt | ||
| 005 | 20131021133019.0 | ||
| 008 | 131021s1998 ag ||||| |||| 00| 0 spa d | ||
| 040 | _cBiblioteca Medicina | ||
| 041 | _aspa | ||
| 082 | _bVARIOS 0411 | ||
| 110 | 1 |
_aForo de la Seguridad Social Argentina _92761 |
|
| 245 | 0 | 0 | _aCurso de Capacitacion en Medicina Familiar. Modulo 6 |
| 250 | _a1ยบ ed. | ||
| 260 |
_as/l _bForo de la Seguridad Social Argentina _c1998 |
||
| 300 | _a78 p. | ||
| 653 | _aMEDICINA FAMILIAR-CURSO | ||
| 942 |
_2ddc _cPH |
||
| 999 |
_c1838 _d1838 |
||
| 952 |
_40 _00 _bBFM _10 _oVARIOS 0411 _d2013-10-21 _tEj. 1 _8NFIC _70 _cCR _2ddc _yPH _aBFM |
||